[Event "13th World University Championship - MEN"]
[Site "Katowice"]
[Date "2014.08.18"]
[Round "1"]
[White "Gloor, Roger"]
[Black "Sjugirov, Sanan"]
[Result "0-1"]
[LiveChessVersion "1.4.4"]
[BlackElo "2658"]
[WhiteElo "2364"]

1. e4  c5  2. Nf3  d6
 3. d4  cxd4  4. Nxd4
 Nf6  5. Nc3  a6 
6. g3  e5  7. Nde2  Be7
 8. Bg2  b5  9. h3
 Nbd7  10. g4  b4
 11. Nd5  Nxd5  12. exd5
 a5  13. Ng3  Ba6
 14. Nf5  O-O  15. a3
 Re8  16. axb4  axb4
 17. b3  Bf8  18. Bd2
 e4  19. Ne3  g6 
20. Bxb4  Bg7  21. Rb1  Ne5
 22. Bxe4  Qb6  23. Qd2
 f5  24. gxf5  gxf5
 25. Rg1  fxe4  26. Rxg7+
 Kxg7  27. Nf5+  Kg6
 28. Qh6+  Kxf5  29. Qxh7+
 Kf6  30. Qh4+  Kg6
 31. Qxe4+  Kg7  32. Bc3
 Kf8  0-1

[Event "13th World University Championship - MEN"]
[Site "Katowice"]
[Date "2014.08.18"]
[Round "1"]
[White "Andriasian, Zaven"]
[Black "Nuri, Kambez"]
[Result "1-0"]
[LiveChessVersion "1.4.4"]
[BlackElo "2322"]
[WhiteElo "2628"]

1. e4  e5  2. Bc4  Nf6
 3. d3  Bc5  4. Nf3
 Nc6  5. c3  a6 
6. O-O  O-O  7. d4  Ba7
 8. dxe5  Nxe4  9. Bd5
 Nc5  10. Bg5  Qe8
 11. Re1  Ne7  12. c4
 c6  13. Be4  Nxe4
 14. Rxe4  h6  15. Bf4
 Ng6  16. Nc3  Nxf4
 17. Rxf4  Qe6  18. Qd2
 b5  19. Re1  bxc4
 20. Ne4  d5  21. Nf6+
 gxf6  22. exf6  Qd6
 23. Rg4+  Bxg4  24. Qxh6
 Qxf6  25. Qxf6  Bxf3
 26. Re5  1-0

[Event "13th World University Championship - MEN"]
[Site "Katowice"]
[Date "2014.08.18"]
[Round "1"]
[White "Gaehler, Marco"]
[Black "Shimanov, Aleksandr"]
[Result "0-1"]
[LiveChessVersion "1.4.4"]
[BlackElo "2625"]
[WhiteElo "2315"]

1. d4  Nf6  2. c4  e6
 3. Nf3  b6  4. a3
 Ba6  5. Qc2  Bb7
 6. Nc3  c5  7. dxc5
 Bxc5  8. Bg5  Be7
 9. e4  d6  10. Rd1
 Nbd7  11. Bxf6  gxf6
 12. Be2  a6  13. O-O
 Rc8  14. Nd4  Ne5
 15. b3  Qc7  16. a4
 h5  17. Qd2  Qc5
 18. Nc2  h4  19. b4
 Qc6  20. Ne3  b5
 21. axb5  axb5  22. c5
 Ba6  23. cxd6  Rd8
 24. Qa2  Rxd6  25. Rc1
 Qb7  26. Qa5  O-O
 27. Bxb5  Rb8  28. f4
 Bd8  29. Qa4  Nd3
 30. Bxd3  Bxd3  31. e5
 Rd7  32. Rf3  f5
 33. Ncd1  Bb6  34. Qa2
 Be4  35. Rh3  Rbd8
 36. Qe2  Rd2  37. Rc7
 Rxe2  38. Rxb7  Rxd1#
 0-1

[Event "13th World University Championship - MEN"]
[Site "Katowice"]
[Date "2014.08.18"]
[Round "1"]
[White "Swiercz, Dariusz"]
[Black "Grandadam, Nicolas"]
[Result "1-0"]
[LiveChessVersion "1.4.4"]
[BlackElo "2307"]
[WhiteElo "2611"]

1. c4  e6  2. Nf3  Nf6
 3. g3  d5  4. Bg2
 dxc4  5. Qa4+  Nbd7
 6. Qxc4  c5  7. Qb3
 Rb8  8. O-O  b5 
9. a4  a6  10. axb5  axb5
 11. Nc3  c4  12. Qc2
 e5  13. d4  cxd3
 14. exd3  Bd6  15. d4
 O-O  16. Rd1  Qc7
 17. Qe2  Qc4  18. dxe5
 Bxe5  19. Nxe5  Qxe2
 20. Nxe2  Nxe5  21. Bf4
 Re8  22. Nd4  Bb7
 23. Re1  Nfd7  24. Bxb7
 Rxb7  25. Bxe5  Nxe5
 26. Rxe5  1-0

[Event "13th World University Championship - MEN"]
[Site "Katowice"]
[Date "2014.08.18"]
[Round "1"]
[White "Garcia Guerrero, Isaac Antonio"]
[Black "Bukavshin, Ivan"]
[Result "0-1"]
[LiveChessVersion "1.4.4"]
[BlackElo "2603"]
[WhiteElo "2300"]

1. d4  d5  2. Nf3  Nf6
 3. Bg5  g6  4. e3
 Bg7  5. c4  c5 
6. Nc3  cxd4  7. exd4  Ne4
 8. Be3  Nxc3  9. bxc3
 O-O  10. cxd5  Qxd5
 11. Qb3  Qd6  12. Be2
 Nc6  13. O-O  b6
 14. Rfd1  Na5  15. Qb4
 Qc7  16. Rac1  e6
 17. Ne5  Bb7  18. c4
 Ba6  19. Bf4  Qc8
 20. h4  f6  21. Ng4
 Nc6  22. Qa3  h5
 23. Ne3  e5  24. dxe5
 fxe5  25. Bg5  Nd4
 26. Rxd4  exd4  27. Nd5
 Rf7  28. Bd3  Bf8
 29. Qb2  Qe6  30. Qb1
 Kh7  31. Re1  Qd6
 32. Qd1  Kg7  33. Bc2
 Rc8  34. Qxd4+  Kh7
 35. Qd1  Kg8  36. Re4
 Bxc4  37. Rd4  Qe6
 38. Rxc4 Rxc4  39. Bb3  b5
 40. a4  a6  41. axb5
 axb5  42. Bxc4  bxc4
 43. Qd4  Qe1+  44. Kh2
 Qxf2  45. Ne3  Kh7
 46. Qd5  c3  47. Nd1
 Qa7  48. Nxc3  Qc7+
 49. Kg1  Bc5+  0-1

[Event "13th World University Championship - MEN"]
[Site "Katowice"]
[Date "2014.08.18"]
[Round "1"]
[White "Grigoryan, Karen H."]
[Black "Wyss, Jonas"]
[Result "1-0"]
[LiveChessVersion "1.4.4"]
[BlackElo "2276"]
[WhiteElo "2595"]

1. Nf3  Nf6  2. g3  g6
 3. Bg2  Bg7  4. O-O
 O-O  5. c4  d6 
6. d4  Nbd7  7. Nc3  e5
 8. e4  c6  9. h3
 Qb6  10. d5  Nc5
 11. Qc2  Qa6  12. b4
 Ncxe4  13. Nxe4  Nxe4
 14. Qxe4  f5  15. Qh4
 e4  16. Ng5  h6 
17. Nxe4  cxd5  18. Nc3  Be6
 19. Nxd5  Bxa1  20. Qxh6
 Bg7  21. Qxg6  Rfe8
 22. Bh6  1-0

[Event "13th World University Championship - MEN"]
[Site "Katowice"]
[Date "2014.08.18"]
[Round "1"]
[White "Galmandakh, Badrakh"]
[Black "Belous, Vladimir"]
[Result "1/2-1/2"]
[LiveChessVersion "1.4.4"]
[BlackElo "2584"]
[WhiteElo "2264"]

1. d3  d5  2. e4  dxe4
 3. dxe4  Qxd1+  4. Kxd1
 e5  5. Be3  Be6 
6. Nd2  Nc6  7. c3  O-O-O
 8. Kc2  f5  9. f3
 Nf6  10. Bd3  g6
 11. Ne2  Be7  12. Rad1
 a6  13. b3  Rd7 
14. Rhe1  Rhd8  15. Nc1  b5
 16. a4  Ba3  17. Be2
 f4  18. Bf2  Na5
 19. Nd3  bxa4  20. bxa4
 g5  21. Bc5  Rxd3
 22. Bxa3  Bd7  23. Nb3
 Rxd1  24. Rxd1  Nxb3
 25. Kxb3  Be6+  26. Kb4
 Rxd1  27. Bxd1  Nd7
 28. Be2  Kb7  29. a5
 h5  30. h3  g4 
31. fxg4  hxg4  32. Bxg4  c5+
 33. Ka4  Bxg4  34. hxg4
 Nf6  35. Bxc5  Kc6
 36. Ba7  Nxe4  37. Bb8
 Kd5  38. c4+  Kxc4
 39. Bxe5  Nc5+  40. Ka3
 Nd3  41. Bc7  Kd5
 42. Kb3  Ke4  43. Kc4
 Ne1  44. Kc5  Nxg2
 45. Kb6  f3  46. Bg3
 Ne3  47. Kxa6  Nc4
 48. Kb5  Nxa5  49. Kxa5
 f2  50. Bxf2  Kf4
 51. Be3+  Kxg4  1/2-1/2

[Event "13th World University Championship - MEN"]
[Site "Katowice"]
[Date "2014.08.18"]
[Round "1"]
[White "Tomczak, Jacek"]
[Black "Spalir, Jernej"]
[Result "1/2-1/2"]
[LiveChessVersion "1.4.4"]
[BlackElo "2243"]
[WhiteElo "2562"]

1. e4  e5  2. Nf3  Nc6
 3. d4  exd4  4. Nxd4
 Nf6  5. Nxc6  bxc6
 6. e5  Qe7  7. Qe2
 Nd5  8. c4  Nb6 
9. Nd2  d5  10. exd6  cxd6
 11. b3  Bg4  12. f3
 Be6  13. Bb2  d5
 14. cxd5  Nxd5  15. Rc1
 Qd7  16. g3  Rd8
 17. a3  h5  18. f4
 Be7  19. Bg2  h4
 20. f5  Bxf5  21. Bxg7
 Rg8  22. Be5  Qe6
 23. Rc4  h3  24. Bf3
 Bg5  25. Nf1  Kf8
 26. Bd4  Qd7  27. Kf2
 Rg6  28. Qb2  Kg8
 29. Ra4  Qe6  30. Qe2
 Qd6  31. Qe5  Qxe5
 32. Bxe5  Re6  33. Bd4
 Nb6  34. Ra5  Rxd4
 35. Rxf5  Bd2  36. Be2
 Nd5  37. Bc4  Re1
 38. Nxd2  Rxh1  39. Nf3
 Rdd1  40. g4  Kg7
 41. Kg3  f6  42. g5
 fxg5  43. Rxg5+  Kf6
 44. Rh5  Ne7  45. Kxh3
 Nf5  46. Rh7  Nd6
 47. Be2  Rb1  48. Rh6+
 Ke7  49. Nd4  Rhe1
 50. Nxc6+  Kd7  51. Nd4
 Rxe2  52. Nxe2  Rxb3+
 53. Kg4  Rxa3  54. h4
 a5  55. h5  Ra1 
56. Rh7+  1/2-1/2

[Event "13th World University Championship - MEN"]
[Site "Katowice"]
[Date "2014.08.18"]
[Round "1"]
[White "Chen, Peng"]
[Black "Piorun, Kacper"]
[Result "1/2-1/2"]
[LiveChessVersion "1.4.4"]
[BlackElo "2560"]
[WhiteElo "2198"]

1. e4  c5  2. Nf3  e6
 3. d4  cxd4  4. Nxd4
 Nc6  5. Nc3  Qc7
 6. Be3  a6  7. Bd3
 Nf6  8. O-O  Nxd4
 9. Bxd4  Bc5  10. Be2
 d6  11. Qd3  b5 
12. Rfd1  Bb7  13. Bxf6  gxf6
 14. b4  Bb6  15. a4
 bxa4  16. Nxa4  Ke7
 17. Ra3  Ba7  18. Bf3
 Rhd8  19. c4  Rac8
 20. Nb2  e5  21. Bg4
 Rb8  22. Qf3  Qb6
 23. Nd3  Qc6  24. Bf5
 Bb6  25. Rc1  Bd4
 26. Bxh7  Rdc8  27. Bf5
 Rc7  28. h4  Qe8
 29. g3  Bc8  30. Ra2
 Be6  31. Bxe6  fxe6
 32. Qg4  Rb6  33. c5
 dxc5  34. bxc5  Rb3
 35. Rxa6  Qf7  36. Qd1
 Rb8  37. Qe2  Qg6
 38. Kf1  f5  39. exf5
 Qxf5  40. Kg2  Rb3
 41. Rd1  Rc3  42. Rd2
 Rb7  43. Qf3  Qxf3+
 44. Kxf3  Bxc5  45. Rc6
 Rd7  46. Ke2  Bd4
 47. Rxc3  Bxc3  48. Ra2
 Bd4  49. Ra5  Kd6
 50. Ra6+  Ke7  51. Ra5
 Kd6  52. Ne1  Rb7
 53. Ra2  e4  54. Nc2
 Bc5  55. Ne3  Rb1
 56. Rc2  Bb4 57. Rd2+ Bxd2  58.
Kxd2  Rb2+  59. Ke1  Ra2
 60. Kf1  Ke5  61. Kg2
 Kf6  62. Ng4+  Kf5
 63. Ne3+  Ke5  64. Nc4+
 1/2-1/2

[Event "13th World University Championship - MEN"]
[Site "Katowice"]
[Date "2014.08.18"]
[Round "1"]
[White "Olszewski, Michal"]
[Black "Ayala Pena, Eduardo Azael"]
[Result "1-0"]
[LiveChessVersion "1.4.4"]
[BlackElo "2190"]
[WhiteElo "2555"]

1. Nf3  Nf6  2. c4  c5
 3. Nc3  Nc6  4. d4
 cxd4  5. Nxd4  e6
 6. a3  Be7  7. e4
 d6  8. Be2  a6 
9. O-O  Qc7  10. Be3  O-O
 11. Rc1  Ne5  12. b4
 b6  13. f4  Ned7
 14. Qa4  Bb7  15. f5
 Nxe4  16. Nxe4  Bxe4
 17. fxe6  Ne5  18. exf7+
 Rxf7  19. Rxf7  Nxf7
 20. Qb3  Bf6  21. c5
 dxc5  22. bxc5  bxc5
 23. Ne6  Qb7  24. Qxb7
 Bxb7  25. Nxc5  Bc8
 26. Bc4  Kf8  27. Bd5
 Rb8  28. Ne4  Bd7
 29. Bc5+  Ke8  30. Re1
 Ne5  31. Bd6  Rb6
 32. Bxe5  Bxe5  33. Nd2
 1-0

[Event "13th World University Championship - MEN"]
[Site "Katowice"]
[Date "2014.08.18"]
[Round "1"]
[White "Oliveira, Fernando Henrique"]
[Black "Bernasek, Jan"]
[Result "0-1"]
[LiveChessVersion "1.4.4"]
[BlackElo "2536"]
[WhiteElo "2178"]

1. d4  Nf6  2. c4  e6
 3. Nc3  Bb4  4. e3
 d5  5. Bd2  O-O 
6. Nf3  b6  7. cxd5  exd5
 8. Bb5  a6  9. Ba4
 Bg4  10. h3  Bh5
 11. g4  Bg6  12. Ne5
 c5  13. O-O  Qd6
 14. Rc1  Nbd7  15. Bxd7
 Nxd7  16. Nxg6  hxg6
 17. dxc5  Bxc5  18. Ne2
 Ne5  19. Bc3  Nf3+
 20. Kg2  Nh4+  21. Kg1
 f5  22. Nf4  Rad8
 23. Ng2  Nxg2  24. Kxg2
 f4  25. Bd4  f3+
 26. Kh1  Qe7  27. Rg1
 Bd6  28. g5  Qe6
 29. Rg4  Bb8  30. Qg1
 Rf5  31. Re1  Rxg5
 32. e4  Rh5  33. h4
 Qe7  0-1

[Event "13th World University Championship - MEN"]
[Site "Katowice"]
[Date "2014.08.18"]
[Round "1"]
[White "Yu, Ruiyuan"]
[Black "Carlos Arriaga, Jesus Roberto"]
[Result "1-0"]
[LiveChessVersion "1.4.4"]
[BlackElo "2118"]
[WhiteElo "2534"]

1. e4  c6  2. c4  d5
 3. cxd5  cxd5  4. exd5
 Nf6  5. Qa4+  Nbd7
 6. Nc3  g6  7. Bc4
 a6  8. d3  Rb8 
9. Bb3  b5  10. Qh4  Nc5
 11. Qd4  Nxb3  12. axb3
 b4  13. Bf4  Rb7
 14. Ne4  Bg7  15. Be5
 Rb5  16. d6  Bb7
 17. Nf3  Bxe4  18. dxe4
 O-O  19. dxe7  Qxe7
 20. Bd6  Qxe4+  21. Qxe4
 Nxe4  22. Bxf8  Bxb2
 23. Rxa6  Kxf8  24. Ra7
 Bc3+  25. Ke2  Nc5
 26. Rd1  Rb7  27. Rxb7
 Nxb7  28. Rd5  Ke7
 29. Nd4  Nd6  30. Nb5
 Nxb5  31. Rxb5  1-0

[Event "13th World University Championship - MEN"]
[Site "Katowice"]
[Date "2014.08.18"]
[Round "1"]
[White "Kobayashi, Atsuhiko"]
[Black "Krejci, Jan"]
[Result "0-1"]
[LiveChessVersion "1.4.4"]
[BlackElo "2531"]
[WhiteElo "2089"]

1. d4  Nf6  2. c4  e6
 3. Nf3  c5  4. d5
 b5  5. Bg5  b4 
6. a3  h6  7. Bh4  Bb7
 8. axb4  cxb4  9. Qd4
 Na6  10. e4  Bc5
 11. Qd3  Qb6  12. Be2
 g5  13. Bg3  Nh5
 14. O-O  Nxg3  15. hxg3
 g4  16. Nh4  h5 
17. Nd2  Be7  18. Nb3  Nc5
 19. Qd4  O-O-O  20. Na5
 Ba8  21. e5  d6 
22. Rfd1  dxe5  23. Qxe5  Nd7
 24. Qf4  Bd6  25. Qd4
 Qxd4  26. Rxd4  Be5
 27. Rdd1  Bxb2  28. Ra2
 Bc3  29. Nb3  Kb8
 30. dxe6  fxe6  31. Ng6
 Rhg8  32. Nf4  Nf6
 33. Rxd8+  Rxd8  34. Nxe6
 Re8  35. Nf4  Be4
 36. Nc5  Bb1  37. Ra5
 Bc2  38. Na6+  Kc8
 39. Rb5  b3  40. c5
 Nd7  41. Bd3  Re1+
 42. Kh2  Bd4  43. c6
 Nb6  44. Rg5  Re8
 45. Nb4  Bxd3  46. Nfxd3
 b2  47. Nxb2  Bxb2
 48. Rxh5  Rh8  49. Rxh8+
 Bxh8  50. Na6  Nd5
 51. f3  Ne7  52. fxg4
 Nxc6  53. g5  Bd4
 54. g6  Kb7  55. g7
 Bxg7  56. Nc5+  Kb6
 57. Nd3  a5  0-1

[Event "13th World University Championship - MEN"]
[Site "Katowice"]
[Date "2014.08.18"]
[Round "1"]
[White "Batchuluun, Tsegmed"]
[Black "Katsuta, Yuki"]
[Result "1-0"]
[LiveChessVersion "1.4.4"]
[BlackElo "1917"]
[WhiteElo "2513"]

1. d4  d5  2. c4  e6
 3. Nc3  c6  4. e4
 dxe4  5. Nxe4  Bb4+
 6. Nc3  c5  7. a3
 Ba5  8. Nf3  Nc6
 9. Be3  Nf6  10. dxc5
 Bxc3+  11. bxc3  Qc7
 12. Nd4  a6  13. Nxc6
 Qxc6  14. Rb1  O-O
 15. Rb6  Qe4  16. Qd3
 Qe5  17. Qd4  Qc7
 18. Qd6  Qd7  19. Bd3
 Qa4  20. O-O  Qxa3
 21. Bd4  Nd7  22. Rbb1
 Qa4  23. f4  a5 
24. Qe7  Qc6  25. Rf3  h6
 26. Rg3  e5  27. Bxe5
 Nxe5  28. Qxe5  f6
 29. Qe7  Qd7  30. Rxg7+
 1-0

[Event "13th World University Championship - MEN"]
[Site "Katowice"]
[Date "2014.08.18"]
[Round "1"]
[White "Chettiar, Evasan"]
[Black "Lou, Yiping"]
[Result "0-1"]
[LiveChessVersion "1.4.4"]
[BlackElo "2466"]
[WhiteElo "1869"]

1. Nf3  Nf6  2. d4  e6
 3. c4  b6  4. g3
 Ba6  5. b3  d5 
6. Bg2  Bb4+  7. Bd2  Bd6
 8. O-O  O-O  9. Nc3
 c6  10. Bg5  dxc4
 11. e4  Be7  12. bxc4
 Bxc4  13. Re1  h6
 14. Bf4  Ba6  15. Qa4
 Bb7  16. Rac1  Nbd7
 17. Ne5  Nxe5  18. dxe5
 Nd7  19. Red1  Qc8
 20. Rd2  g5  21. Qd1
 Rd8  22. Be3  Nxe5
 23. Rxd8+  Qxd8  24. Qh5
 Qf8  25. Rd1  Rd8
 26. f4  Bc5  27. Rxd8
 Bxe3+  28. Kh1  Qxd8
 29. fxe5  Qd2  30. Qd1
 Qxc3  0-1

[Event "13th World University Championship - MEN"]
[Site "Katowice"]
[Date "2014.08.18"]
[Round "1"]
[White "Barbosa, Evandro Amorim"]
[Black "Tanaka, Toshiki"]
[Result "1-0"]
[LiveChessVersion "1.4.4"]
[BlackElo "1848"]
[WhiteElo "2446"]

1. e4  e5  2. Nf3  Nc6
 3. Nc3  Nf6  4. Bb5
 Bc5  5. Nxe5  Qe7
 6. Nd3  Nxe4  7. O-O
 Nxc3  8. dxc3  d6
 9. Nxc5  dxc5  10. Re1
 Be6  11. Be3  O-O
 12. Qh5  f5  13. Bg5
 Qe8  14. Qh4  Qf7
 15. Rxe6  1-0

[Event "13th World University Championship - MEN"]
[Site "Katowice"]
[Date "2014.08.18"]
[Round "1"]
[White "Mafanya, Kulasande"]
[Black "Nenezic, Marko"]
[Result "0-1"]
[LiveChessVersion "1.4.4"]
[BlackElo "2430"]
[WhiteElo "1847"]

1. d4  Nf6  2. c4  g6
 3. Nc3  Bg7  4. e4
 d6  5. h3  O-O 
6. Bg5  Na6  7. Bd3  e5
 8. d5  Nc5  9. Bc2
 a5  10. Nge2  Bd7
 11. g4  c6  12. a4
 Qb8  13. Ng3  cxd5
 14. exd5  Kh8  15. Kf1
 Qc7  16. Rc1  Rae8
 17. Kg2  e4  18. Re1
 Ng8  19. Bxe4  Nxe4
 20. Ngxe4  f5  21. gxf5
 Bxf5  22. b3  h6
 23. Bh4  Qd7  24. Qd3
 g5  25. Bg3  Bxh3+
 26. Kg1  Bg4  27. Re3
 Bf5  28. Qe2  Be5
 29. Re1  Bd4  30. Qh5
 Bxe3  31. Rxe3  Bg4
 32. Qh2  Qg7  33. Bxd6
 Rf3  34. Bc5  Rxe3
 35. Bxe3  Bf3  36. Nd2
 Bg4  37. Nb5  Kh7
 38. Qg3  Bh5  39. Nd6
 Rf8  40. N6e4  Bg6
 41. Nc5  Bf5  42. Kg2
 Ne7  43. Qd6  Ng6
 44. Ne6  Bxe6  45. dxe6
 Qe7  46. c5  Re8
 47. Ne4  Nh4+  48. Kf1
 Nf5  49. Qd7  Kg6
 50. Nd6  Nxd6  51. cxd6
 Qxd7  52. exd7  Rd8
 53. Bc5 Rxd7  54. Kg2  Kf5
 0-1

[Event "13th World University Championship - MEN"]
[Site "Katowice"]
[Date "2014.08.18"]
[Round "1"]
[White "Petrosyan, Tigran S."]
[Black "Malgie, Avikaar"]
[Result "1-0"]
[LiveChessVersion "1.4.4"]
[BlackElo "1829"]
[WhiteElo "2421"]

1. Nf3  Nf6  2. g3  g6
 3. Bg2  Bg7  4. O-O
 d5  5. c4  c6 
6. d4  O-O  7. cxd5  cxd5
 8. Nc3  Nc6  9. Ne5
 e6  10. Bf4  Nh5
 11. Nxc6  bxc6  12. Be3
 Rb8  13. Na4  f5
 14. Qd2  Qe7  15. Nc5
 e5  16. dxe5  Qxe5
 17. Nd3  Qc7  18. Rac1
 Qd7  19. Qa5  Rb7
 20. Nc5  Qf7  21. Nxb7
 Bxb7  22. Bc5  Re8
 23. e3  Nf6  24. Bd4
 Ne4  25. Qxa7  Ra8
 26. Qb6  Nd2  27. Rfd1
 Nc4  28. Qb3  Bf8
 29. Qc2  Nd6  30. Bc5
 Ne4  31. Bxf8  Qxf8
 32. a3  Rc8  33. b4
 Ba6  34. Qb3  Qf7
 35. Rd4  Kf8  36. b5
 Bxb5  37. Qxb5  cxb5
 38. Rxc8+  Kg7  39. Bxe4
 fxe4  40. Rc5  Qa7
 41. Rxb5  Qxa3  42. Rbxd5
 Qc1+  43. Kg2  Qc2
 44. Re5  Qc6  45. h3
 Kh6  46. Rdxe4  Kg7
 47. Re6  Qd5  48. Kh2
 Qf5  49. Re7+  Kh6
 50. Rh4+  Kg5  51. Rf4
 Qc8  52. Rg4+  Kh6
 53. Rh4+  Kg5  54. Rexh7
 Qc2  55. Rg4+  Kf6
 56. Rf4+  Ke6  57. h4
 Kd6  58. Rg7  Ke6
 59. e4  Ke5  60. Rxg6
 Qc8  61. Rg5+  Kd4
 62. Rd5+  Kc3  63. Kg2
 Qe6  64. Rd1  Kc2
 65. Rh1  Kd2  66. Ra1
 Ke2  67. Ra3  Ke1
 68. Re3+  Kd2  69. e5
 Qc6+  70. Kh2  Qe6
 71. Rf6  Qe7  72. Rd6+
 Kc2  73. Re2+  Kc1
 74. e6  1-0

[Event "13th World University Championship - MEN"]
[Site "Katowice"]
[Date "2014.08.18"]
[Round "1"]
[White "Sikivou, Taione"]
[Black "Munkhgal, Gombosuren"]
[Result "0-1"]
[LiveChessVersion "1.4.4"]
[BlackElo "2418"]
[WhiteElo "1817"]

1. e4  e6  2. d4  d5
 3. exd5  exd5  4. Nf3
 Bd6  5. Bd3  Ne7
 6. Bg5  f6  7. Bh4
 Ng6  8. O-O  O-O
 9. Bg3  Nf4  10. Bxf4
 Bxf4  11. h3  Nc6
 12. c3  Ne7  13. Qc2
 g6  14. Nbd2  Bf5
 15. Rfe1  Qd7  16. Re2
 Rae8  17. Rae1  Bxd3
 18. Qxd3  Nf5  19. Nf1
 Nd6  20. Ne3  c6
 21. Nd2  Kg7  22. Ng4
 h5  23. Nh2  Rxe2
 24. Rxe2  Re8  25. Nhf3
 Re6  26. Kf1  Qe8
 27. g3  Bh6  28. Nh4
 Bxd2  29. Qxd2  Nc4
 30. Qc2  Rxe2  31. Qxe2
 Qxe2+  32. Kxe2  Nxb2
 33. f4  a5  34. Nf3
 Kf7  35. Kd2  Ke6
 36. Ke3  Nd1+  37. Kd2
 Nf2  38. Ke3  Ne4
 0-1

[Event "13th World University Championship - MEN"]
[Site "Katowice"]
[Date "2014.08.18"]
[Round "1"]
[White "Stankovic, Milos"]
[Black "Bornheim, Darren"]
[Result "1/2-1/2"]
[LiveChessVersion "1.4.4"]
[BlackElo "1792"]
[WhiteElo "2416"]

1. e4  c5  2. Nf3  g6
 3. Bc4  Nc6  4. c3
 Bg7  5. d4  cxd4
 6. cxd4  Qb6  7. Be3
 Qxb2  8. Nbd2  Nxd4
 9. Nxd4  Bxd4  10. Rb1
 Qc3  11. Rb3  Qa1
 12. Rb1  Qc3  13. Rc1
 Qb2  14. Rb1  Qc3 1/2-1/2

[Event "13th World University Championship - MEN"]
[Site "Katowice"]
[Date "2014.08.18"]
[Round "1"]
[White "Frijde, Joel"]
[Black "Klekowski, Maciej"]
[Result "0-1"]
[LiveChessVersion "1.4.4"]
[BlackElo "2383"]
[WhiteElo "1696"]

1. e4  c5  2. Nf3  e6
 3. d4  cxd4  4. Nxd4
 a6  5. Bc4  Nf6 
6. Bg5  Qc7  7. Bd3  Nxe4
 8. Be3  Nf6  9. Nd2
 d5  10. Rc1  e5 
11. N4b3  Be7  12. O-O  Ng4
 13. Be2  Nxe3  14. fxe3
 O-O  15. e4  dxe4
 16. Nxe4  Rd8  17. Qe1
 f5  18. Qc3  Qxc3
 19. Nxc3  Be6  20. Rcd1
 Nc6  21. a3  b5 
22. Bf3  e4  23. Be2  g6
 24. g3  Kg7  25. Kg2
 Bxb3  26. cxb3  Nd4
 27. b4  Bf6  28. Rfe1
 Nc2  29. Bf1  Bxc3
 30. bxc3  Rxd1 0-1

[Event "13th World University Championship - MEN"]
[Site "Katowice"]
[Date "2014.08.18"]
[Round "1"]
[White "Gergacz, Attila"]
[Black "Hardwarsingh, Vishay"]
[Result "0-1"]
[LiveChessVersion "1.4.4"]
[BlackElo "1596"]
[WhiteElo "2374"]

1. e4  e5  2. Nf3  Nc6
 3. Bc4  Bc5  4. O-O
 Nf6  5. d3  h6 
6. c3  d6  7. Re1  Na5
 8. Bb5+  Nc6  9. d4
 exd4  10. cxd4  Bb4
 11. Nc3  O-O  12. h3
 Ne7  13. Bd3  Re8
 14. Bd2  c6  15. Rc1
 Ng6  16. e5  Nd5
 17. Nxd5  Bxd2  18. Nf6+
 gxf6  19. Qxd2  Kh7 20. Qf4 Rg8
 21. exf6  Be6  22. h4
 Qf8  23. h5  0-1

[Event "13th World University Championship - MEN"]
[Site "Katowice"]
[Date "2014.08.19"]
[Round "2"]
[White "Sjugirov, Sanan"]
[Black "Batchuluun, Tsegmed"]
[Result "1/2-1/2"]
[LiveChessVersion "1.4.4"]
[BlackElo "2513"]
[WhiteElo "2658"]

1. c4  Nf6  2. Nc3  e5
 3. Nf3  Nc6  4. a3
 Be7  5. b4  d6 
6. e3  O-O  7. Qc2  Re8
 8. Bd3  Bf8  9. O-O
 a6  10. Bb2  h6 
11. h3  Be6  12. Be2  Qd7
 13. d3  Rad8  14. Rac1
 g6  15. e4  Bg7 
16. Nd5  Rc8  17. Rfe1  Nh7
 18. Rcd1  Ng5  19. Nxg5
 hxg5  20. Qd2  Qd8
 21. Bc1  f6  22. Bg4
 Nd4  23. Bxe6+  Nxe6
 24. Ne3  Rf8  25. Nc2
 f5  26. Bb2  Qf6
 27. d4  Nxd4  28. Nxd4
 exd4  29. exf5  gxf5
 30. Bxd4  Qxd4  31. Qxd4
 Bxd4  32. Rxd4  Rce8
 33. Rxe8  Rxe8  34. f4
 gxf4  35. Rxf4  1/2-1/2

[Event "13th World University Championship - MEN"]
[Site "Katowice"]
[Date "2014.08.19"]
[Round "2"]
[White "Krejci, Jan"]
[Black "Andriasian, Zaven"]
[Result "1/2-1/2"]
[LiveChessVersion "1.4.4"]
[BlackElo "2628"]
[WhiteElo "2531"]

1. e4  c5  2. Nf3  d6
 3. Bb5+  Nc6  4. O-O
 Bd7  5. Re1  Nf6
 6. c3  a6  7. Bf1
 Bg4  8. h3  Bxf3
 9. Qxf3  g6  10. d3
 Bg7  11. Be3  O-O
 12. Nd2  b5  13. d4
 Nd7  14. d5  Na5
 15. Qd1  Rb8  16. Rc1
 Nb6  17. b4  Nb7
 18. a3  Qd7  19. f4
 Na4  20. Nb1  Rbc8
 21. Qb3  f5  22. exf5
 c4  23. Qc2  Qxf5
 24. Qd2  Nd8  25. Be2
 h5  26. Bd1  e6 
27. dxe6  Nxe6  28. Rf1  Qf6
 29. Qd5  Kh8  30. Bxa4
 bxa4  31. Nd2  Nc7
 32. Qf3  Nb5  33. Ne4
 Qe7  34. Bd2  Rce8
 35. Rce1  Qb7  1/2-1/2

[Event "13th World University Championship - MEN"]
[Site "Katowice"]
[Date "2014.08.19"]
[Round "2"]
[White "Shimanov, Aleksandr"]
[Black "Barbosa, Evandro Amorim"]
[Result "0-1"]
[LiveChessVersion "1.4.4"]
[BlackElo "2446"]
[WhiteElo "2625"]

1. Nf3  c5  2. c4  Nc6
 3. d4  cxd4  4. Nxd4
 Nf6  5. g3  e5 
6. Nb5  Bb4+  7. Bd2  a6
 8. N5c3  d5  9. cxd5
 Nxd5  10. Bg2  Be6
 11. O-O  Nb6  12. Na4
 Bxd2  13. Bxc6+  bxc6
 14. Nxb6  Qxb6  15. Qxd2
 O-O  16. Nc3  Rfd8
 17. Qc2  c5  18. Rfd1
 Rd4  19. e3  Rb4
 20. Rd2  Rb8  21. Rad1
 g6  22. Rd6  Qb7
 23. Nd5  Rxb2  24. Qxc5
 Rb5  25. Qc4  Rb1
 26. Rxb1  Qxb1+  27. Kg2
 Rb4  28. Nf6+  Kg7
 29. Ne8+  Kf8  30. Qc5
 Bh3+  31. Kf3  Qh1+
 32. Ke2  Qf1+  33. Kd2
 Rb2+  0-1

[Event "13th World University Championship - MEN"]
[Site "Katowice"]
[Date "2014.08.19"]
[Round "2"]
[White "Lou, Yiping"]
[Black "Swiercz, Dariusz"]
[Result "1/2-1/2"]
[LiveChessVersion "1.4.4"]
[BlackElo "2611"]
[WhiteElo "2466"]

1. d4  Nf6  2. c4  e6
 3. Nc3  Bb4  4. Qc2
 O-O  5. a3  Bxc3+
 6. Qxc3  d5  7. Nf3
 dxc4  8. Qxc4  b6
 9. Bg5  Ba6  10. Qa4
 h6  11. Bh4  c5 
12. dxc5  bxc5  13. Rc1  Qe7
 14. g4  Qd7  15. Qxd7
 Nbxd7  16. Rg1  Rab8
 17. Rc2  Rb6  18. g5
 hxg5  19. Bxg5  Rfb8
 20. Bc1 Ne4  21. Bg2  Nd6
 22. Nd2  Nf5  23. Rc3
 Rd6  24. Ne4  Rd4
 25. f3  Rd5  26. Kf2
 f6  27. Ng3  Nh4
 28. Bh1  Kf7  29. f4
 Rd6  30. Ne4  Rd5
 1/2-1/2